[Event "Baku Open 2016"]
[Site "Baku AZE"]
[Date "2016.09.18"]
[Round "1.22"]
[White "Khalafova, Narmin"]
[Black "Guliev, Logman"]
[Result "0-1"]
[WhiteTitle "WIM"]
[BlackTitle "IM"]
[WhiteElo "2219"]
[BlackElo "2390"]
[WhiteFideId "13402625"]
[BlackFideId "13400061"]
[EventDate "2016.09.18"]

1. e4 c5 2. Nf3 d6 3. Bb5+ Nd7 4. a4 Nf6 5. Nc3 g6 6. O-O Bg7 7. a5 a6 8. Bc4
O-O 9. Re1 Ng4 10. d4 cxd4 11. Nxd4 Nc5 12. h3 Ne5 13. Bf1 Nc6 14. Be3 Ne6 15.
Nb3 Bd7 16. Na4 Rb8 17. c3 Ne5 18. f4 Bxa4 19. Rxa4 Nd7 20. Nd2 Qc7 21. Qf3 Rbc8
22. Rea1 Nec5 23. R4a3 Qc6 24. Re1 Nf6 25. Bd4 Rfd8 26. e5 dxe5 27. Qxc6 Rxc6
28. fxe5 Nh5 29. Nf3 Nf4 30. g3 Nfe6 31. Bf2 Nd3 32. Rb1 Nxf2 33. Kxf2 Nc5 34.
Nd4 Rc7 35. Re1 Rd5 36. Nf3 e6 37. c4 Rd8 38. b4 Nd7 39. Rd1 Kf8 40. Rad3 Ke7
41. Rd4 Rdc8 42. Re4 Nb8 43. Ra1 Rd8 44. Be2 Nc6 45. b5 Nb8 46. Rb1 Nd7 47. Re3
Rc5 48. Rd1 Nxe5 49. Rxd8 Kxd8 50. Nxe5 Bxe5 51. Rd3+ Kc8 52. Rb3 Bc7 53. Ra3 f5
54. g4 e5 55. gxf5 gxf5 56. Rg3 Bxa5 57. Rg5 e4 58. Bg4 Bb6 59. Rxf5 Rxb5+ 60.
Ke2 Rb2+ 61. Kd1 Kb8 62. Re5 e3 63. c5 Rd2+ 64. Kc1 Bd8 65. Rxe3 Rd5 66. Rc3 Bf6
67. Rc4 Kc7 68. Kc2 Bd4 69. Kb3 Bxc5 70. Rf4 Re5 71. Rf7+ Re7 72. Rf6 Bd6 73.
Rh6 Bf4 74. Rf6 Bg5 75. Rf5 h6 76. Rc5+ Kd6 77. Rc2 b6 78. Ra2 a5 79. Re2 Be3
80. Kc4 Rc7+ 81. Kd3 Bg5 82. Rb2 Rb7 83. Kc4 Rb8 84. Kb5 Be3 85. Rb3 Bd4 86. Kc4
Ke5 87. Kb5 Rd8 88. Rb1 Rd5+ 89. Ka4 Be3 90. Rb5 Bc5 91. Rb1 Bb4 92. Be2 Rd2 93.
Bg4 Bc5 94. Re1+ Kf4 95. Rb1 Rd4+ 96. Kb5 a4 97. Rf1+ Kg3 98. Be6 a3 99. Ra1 Re4
100. Bd7 Rb4+ 101. Kc6 Rb2 102. Be6 Re2 103. Bc4 Rd2 104. Kb5 Bd6 105. Kxb6 Kxh3
106. Kb5 h5 107. Rh1+ Rh2 108. Re1 Rb2+ 109. Kc6 Bb4 110. Rh1+ Rh2 111. Rb1 Rb2
112. Rh1+ Kg4 113. Rg1+ Kf4 114. Rh1 Kg5 115. Rg1+ Kh6 116. Bf7 Rf2 117. Bd5 h4
118. Rh1 Be7 119. Ra1 h3 120. Kd7 Bb4 121. Ke6 h2 122. Bc4 Rg2 123. Rh1 Bc3 124.
Kf5 a2 125. Bxa2 Rxa2 126. Ke4 Ba5 127. Rd1 Rg2 128. Rh1 Bc7 129. Kf3 Rg1 0-1

[Event "Baku Open 2016"]
[Site "Baku AZE"]
[Date "2016.09.18"]
[Round "1.23"]
[White "Bashirli, Nail"]
[Black "Abdulla, Khayala"]
[Result "1-0"]
[WhiteTitle "FM"]
[BlackTitle "WGM"]
[WhiteElo "2387"]
[BlackElo "2214"]
[WhiteFideId "13406809"]
[BlackFideId "13401807"]
[EventDate "2016.09.18"]

1. e4 c5 2. Nc3 e6 3. Nf3 Nc6 4. Bb5 Nge7 5. d4 cxd4 6. Nxd4 Nxd4 7. Qxd4 Nc6 8.
Qe3 Bb4 9. a3 Ba5 10. O-O O-O 11. Qg3 Nd4 12. Bd3 Bc7 13. e5 f5 14. Bh6 Qe7 15.
Rad1 Kh8 16. Bf4 Nc6 17. Nb5 Bd8 18. Rfe1 g5 19. Bc1 Qf7 20. Bf1 f4 21. Qc3 Bb6
22. Nd6 g4 23. Nc4 Bd8 24. b4 b5 25. Nd6 Bb6 26. Re4 g3 27. Bxf4 Bxf2+ 28. Kh1
gxh2 29. Qd2 1-0

[Event "Baku Open 2016"]
[Site "Baku AZE"]
[Date "2016.09.18"]
[Round "1.24"]
[White "Paramzina, Anastasya"]
[Black "Abdulov, Orkhan"]
[Result "0-1"]
[WhiteTitle "WFM"]
[BlackTitle "IM"]
[WhiteElo "2164"]
[BlackElo "2372"]
[WhiteFideId "4165012"]
[BlackFideId "13402714"]
[EventDate "2016.09.18"]

1. e4 g6 2. d4 Bg7 3. Nc3 c6 4. Be3 d5 5. Qd2 dxe4 6. Nxe4 Nd7 7. O-O-O Ngf6 8.
f3 Nxe4 9. fxe4 Nf6 10. e5 Nd5 11. Bh6 Bxh6 12. Qxh6 Qa5 13. Bc4 Bg4 14. Nf3
Bxf3 15. gxf3 O-O-O 16. h4 e6 17. h5 gxh5 18. Rxh5 Rhg8 19. Kb1 Nb6 20. Bf1 Nd5
21. Qc1 Rg3 22. c4 Nb6 23. Qf4 Rg7 24. Qf6 Rdg8 25. Qe7 Kb8 26. Bd3 Rg1 27. Rh1
Rxh1 28. Rxh1 Qd2 29. Qa3 Qe3 30. Bxh7 Rg1+ 31. Rxg1 Qxg1+ 32. Kc2 Qxd4 33. Qf8+
Nc8 34. Bd3 Qf2+ 35. Kc3 Qe1+ 36. Kc2 Qf2+ 37. Kc3 Qxf3 38. b4 Qf4 39. Qg7 Kc7
40. c5 Ne7 41. a3 Nd5+ 42. Kb3 Qf3 43. Kc2 Ne3+ 44. Kc3 Qf4 45. Be2 a5 46. bxa5
Nd5+ 47. Kc2 Qf2 48. Kd2 Qe3+ 49. Kd1 Nf4 50. Qxf7+ Kb8 51. Qg8+ Ka7 52. Qg4 Nd5 0-1

[Event "Baku Open 2016"]
[Site "Baku AZE"]
[Date "2016.09.18"]
[Round "1.25"]
[White "Naghdiyev, Niyazi"]
[Black "Zherebtsova, Alexandra"]
[Result "1/2-1/2"]
[WhiteTitle "FM"]
[BlackTitle "WFM"]
[WhiteElo "2366"]
[BlackElo "2159"]
[WhiteFideId "13405519"]
[BlackFideId "24129518"]
[EventDate "2016.09.18"]

1. d4 Nf6 2. c4 e5 3. dxe5 Ng4 4. Bf4 g5 5. Bg3 Bg7 6. Nf3 Nc6 7. e3 Ngxe5 8.
Nxe5 Nxe5 9. Nc3 d6 10. c5 Bf5 11. cxd6 O-O 12. Be2 cxd6 13. O-O Rc8 14. Rc1 Re8
15. Qd2 Qa5 16. b3 Rc5 17. b4 Qxb4 18. Qxd6 Qa5 19. Nb5 Rxb5 20. Bxb5 Qxb5 21.
Rc5 Qb6 22. Rxe5 Bxe5 23. Bxe5 Qxd6 24. Bxd6 f6 25. Bc5 b6 26. Bd4 Kf7 27. f3
Rc8 28. g4 Bd3 29. Rf2 Ke6 30. Rd2 Rc1+ 31. Kf2 Rc2 32. Rxc2 Bxc2 33. e4 Bd1 34.
Kg3 Be2 35. h3 Bd1 36. Kf2 Kf7 37. Ke3 Ke6 38. a3 Ke7 39. Kf2 Ke6 40. Kg2 Kf7
41. Kg3 Ke6 42. Kf2 1/2-1/2

[Event "Baku Open 2016"]
[Site "Baku AZE"]
[Date "2016.09.18"]
[Round "1.26"]
[White "Soyunlu, Narmin"]
[Black "Vokhidov, Shamsiddin"]
[Result "0-1"]
[BlackTitle "IM"]
[WhiteElo "2095"]
[BlackElo "2364"]
[WhiteFideId "13400843"]
[BlackFideId "14204223"]
[EventDate "2016.09.18"]

1. g3 c5 2. c4 Nc6 3. Nc3 g6 4. Bg2 Bg7 5. e3 d6 6. Nge2 e5 7. a3 Nge7 8. O-O
O-O 9. Rb1 Bf5 10. d3 Rc8 11. h3 Qd7 12. Kh2 b6 13. Nd5 Be6 14. Nec3 f5 15. Bd2
g5 16. f4 gxf4 17. gxf4 Ng6 18. Be1 exf4 19. Nxf4 Nxf4 20. exf4 Ne7 21. Nd5 Nxd5
22. cxd5 Bf7 23. Bc3 Qe7 24. Qd2 Bd4 25. Rf3 Rfe8 26. Rg3+ Kh8 27. Bf3 Qe3 28.
b3 Qxd2+ 29. Bxd2 Re7 30. Re1 Rxe1 31. Bxe1 h6 32. Rg2 Re8 33. Bd2 Kh7 34. h4
Be3 35. Kh3 Bxd2 36. Rxd2 Re1 37. b4 Kg7 38. bxc5 dxc5 39. d4 c4 40. Rg2+ Kf6
41. Rc2 b5 42. Rc3 Ke7 43. a4 Kd6 44. axb5 Bxd5 45. Bxd5 Kxd5 46. Ra3 Re7 47.
Ra6 Rc7 48. Rf6 c3 49. Rxf5+ Kxd4 0-1

[Event "Baku Open 2016"]
[Site "Baku AZE"]
[Date "2016.09.19"]
[Round "2.1"]
[White "Alavi, Sayed Javad"]
[Black "Artemiev, Vladislav"]
[Result "0-1"]
[WhiteTitle "IM"]
[BlackTitle "GM"]
[WhiteElo "2453"]
[BlackElo "2663"]
[WhiteFideId "12500607"]
[BlackFideId "24101605"]
[EventDate "2016.09.18"]

1. e4 c5 2. Nf3 d6 3. d4 cxd4 4. Nxd4 Nf6 5. Nc3 a6 6. Be3 Nc6 7. f3 e6 8. Qd2
Be7 9. g4 O-O 10. O-O-O Nxd4 11. Bxd4 b5 12. g5 Nd7 13. h4 Bb7 14. a3 Bc6 15.
Rg1 Qb8 16. Bh3 Ne5 17. g6 hxg6 18. Qg2 b4 19. axb4 Qxb4 20. h5 g5 21. f4 Nc4
22. Na2 Qa4 23. Kb1 Rab8 24. h6 Rxb2+ 25. Bxb2 Rb8 0-1

[Event "Baku Open 2016"]
[Site "Baku AZE"]
[Date "2016.09.19"]
[Round "2.2"]
[White "Ameir, Moheb"]
[Black "Sjugirov, Sanan"]
[Result "0-1"]
[WhiteTitle "IM"]
[BlackTitle "GM"]
[WhiteElo "2431"]
[BlackElo "2653"]
[WhiteFideId "10600620"]
[BlackFideId "4189302"]
[EventDate "2016.09.18"]

1. e4 c5 2. Nf3 e6 3. b3 b6 4. Bd3 Bb7 5. O-O d6 6. Bb2 Nc6 7. Re1 Nf6 8. Bf1
Be7 9. d4 cxd4 10. Nxd4 O-O 11. c4 Ne5 12. Nc3 a6 13. f4 Ned7 14. e5 Ne8 15. Qg4
dxe5 16. fxe5 g6 17. Rad1 Ng7 18. Nf3 Qc7 19. Ne4 h5 20. Qf4 Bxe4 21. Qxe4 Nf5
22. g3 Rad8 23. Bh3 b5 24. Nd4 bxc4 25. Bxf5 gxf5 26. Qc6 Rc8 27. bxc4 Qxc6 28.
Nxc6 Bc5+ 29. Kf1 Nb6 30. Nd4 Nxc4 31. Bc1 Bxd4 32. Rxd4 Nxe5 33. Rxe5 Rxc1+ 34.
Kf2 Rc2+ 35. Re2 Rfc8 36. Ra4 Rxe2+ 37. Kxe2 Rc6 38. Kd3 Kg7 39. Rb4 Rd6+ 40.
Ke3 Rd5 41. a4 Re5+ 42. Kf4 Re4+ 43. Rxe4 fxe4 44. Kxe4 f5+ 45. Ke5 Kf7 46. a5
Ke7 47. Kf4 Kf6 48. h3 e5+ 49. Kf3 Ke6 50. Ke3 Kd5 0-1

[Event "Baku Open 2016"]
[Site "Baku AZE"]
[Date "2016.09.19"]
[Round "2.3"]
[White "Lupulescu, Constantin"]
[Black "Iskandarov, Misratdin"]
[Result "0-1"]
[WhiteTitle "GM"]
[BlackTitle "IM"]
[WhiteElo "2618"]
[BlackElo "2423"]
[WhiteFideId "1207822"]
[BlackFideId "13400312"]
[EventDate "2016.09.18"]

1. d4 Nf6 2. c4 e6 3. Nc3 Bb4 4. Qc2 O-O 5. Nf3 d6 6. a3 Bxc3+ 7. Qxc3 Ne4 8.
Qc2 f5 9. g3 Nc6 10. b4 a5 11. b5 Ne7 12. Bg2 Bd7 13. Nd2 d5 14. Rb1 a4 15. Nxe4
fxe4 16. O-O Nf5 17. cxd5 exd5 18. Qc5 Be8 19. Bf4 b6 20. Qc3 Nd6 21. Bxd6 Qxd6
22. Rfc1 Rf7 23. f3 exf3 24. Bxf3 Rd8 25. Qb4 Qe6 26. Rc3 Ra8 27. Rbc1 Ra7 28.
Qb2 Re7 29. Qa2 Bf7 30. Kg2 h5 31. Qd2 Qf5 32. Qf4 Qxf4 33. gxf4 Kf8 34. Kg3 Be8
35. e3 Ra5 36. Bxd5 Rxb5 37. Bf3 Bg6 38. Bd1 Rb2 39. Bxa4 Re2 40. f5 Bxf5 41.
Bd1 h4+ 42. Kxh4 Rg2 43. Kh5 g6+ 44. Kh6 Re4 0-1

[Event "Baku Open 2016"]
[Site "Baku AZE"]
[Date "2016.09.19"]
[Round "2.4"]
[White "Hesham, Abdelrahman"]
[Black "Lenderman, Aleksandr"]
[Result "1/2-1/2"]
[WhiteTitle "GM"]
[BlackTitle "GM"]
[WhiteElo "2419"]
[BlackElo "2600"]
[WhiteFideId "10600183"]
[BlackFideId "2021285"]
[EventDate "2016.09.18"]

1. d4 Nf6 2. c4 e6 3. Nf3 d5 4. Nc3 Be7 5. Bg5 O-O 6. e3 h6 7. Bxf6 Bxf6 8. Qc2
c5 9. dxc5 Qa5 10. cxd5 exd5 11. O-O-O Be6 12. Nxd5 Rc8 13. b4 Qa3+ 14. Kb1 Bxd5
15. Rxd5 Qxb4+ 16. Qb3 Qg4 17. h3 Qg6+ 18. Qd3 Qxd3+ 19. Bxd3 Nc6 20. Rc1 Rc7
21. Bb5 Ne7 22. Rd7 Rxd7 23. Bxd7 Rd8 24. Rd1 Nc6 25. Rd2 Ne5 26. Nxe5 Bxe5 27.
Kc2 Kf8 28. Bf5 Rxd2+ 29. Kxd2 Ke7 30. Kd3 b6 31. c6 Kd6 32. Ke4 Bf6 33. Bd7 Bd8
34. Be8 Ke6 35. Kd4 Bc7 36. f4 f6 37. Bd7+ Kd6 38. e4 Ke7 39. e5 fxe5+ 40. fxe5
Bb8 41. Ke4 b5 42. Bc8 a5 43. Ba6 b4 44. Bb5 Bc7 45. Ba4 Bb8 46. Bb3 Bc7 47. Kf5
Bb8 48. e6 Bc7 49. Kg6 Be5 50. Kh7 a4 51. Bc4 Kf8 52. g4 Bb8 53. h4 Be5 54. g5
hxg5 55. hxg5 Bc7 56. g6 Be5 57. Bd5 Bd6 58. e7+ Kxe7 59. Kxg7 b3 60. axb3 a3
61. Kh7 a2 62. g7 a1=Q 63. g8=Q Qb1+ 64. Qg6 Qxg6+ 1/2-1/2

[Event "Baku Open 2016"]
[Site "Baku AZE"]
[Date "2016.09.19"]
[Round "2.5"]
[White "Bogdanovich, Stanislav"]
[Black "Guliev, Sarhan"]
[Result "1-0"]
[WhiteTitle "IM"]
[BlackTitle "GM"]
[WhiteElo "2591"]
[BlackElo "2416"]
[WhiteFideId "14115298"]
[BlackFideId "13400231"]
[EventDate "2016.09.18"]

1. e4 c6 2. d4 d5 3. e5 c5 4. dxc5 e6 5. Nf3 Bxc5 6. Bd3 Nc6 7. a3 Qc7 8. b4
Nxe5 9. bxc5 Nxf3+ 10. gxf3 Qxc5 11. Bb2 f6 12. Rg1 Kf7 13. f4 g6 14. Qg4 Qf8
15. Qh4 Kg7 16. Nd2 Bd7 17. O-O-O Ne7 18. Nf1 Ng8 19. Ng3 Kf7 20. Bxg6+ Ke7 21.
Rge1 Kd6 22. f5 hxg6 23. Qxh8 gxf5 24. Qh7 Ne7 25. a4 Kc7 26. Ba3 Re8 27. Nxf5
Qg8 28. Qxg8 Nxg8 29. Ng7 1-0

[Event "Baku Open 2016"]
[Site "Baku AZE"]
[Date "2016.09.19"]
[Round "2.6"]
[White "Guliev, Logman"]
[Black "Abasov, Nijat"]
[Result "0-1"]
[WhiteTitle "IM"]
[BlackTitle "GM"]
[WhiteElo "2390"]
[BlackElo "2552"]
[WhiteFideId "13400061"]
[BlackFideId "13402960"]
[EventDate "2016.09.18"]

1. e4 c6 2. d4 d5 3. e5 Bf5 4. Be3 e6 5. Nd2 Nd7 6. Be2 Ne7 7. Ngf3 h6 8. Nh4
Bh7 9. f4 c5 10. c3 cxd4 11. Bxd4 g5 12. fxg5 hxg5 13. Nhf3 Nc6 14. h3 g4 15.
hxg4 Bc2 16. Rxh8 Bxd1 17. Rxd1 Qc7 18. Ng5 Ndxe5 19. Nh7 Ng6 20. Nf6+ Kd8 21.
Rh3 Nxd4 22. cxd4 Bg7 23. g5 Qf4 24. Nh5 Qxd4 25. Nc4 Qg1+ 26. Kd2 Qc5 27. Rf3
Ke7 28. Nxg7 dxc4 29. Kc2 Qe5 0-1

[Event "Baku Open 2016"]
[Site "Baku AZE"]
[Date "2016.09.19"]
[Round "2.7"]
[White "Idani, Pouya"]
[Black "Sadikhov, Ulvi"]
[Result "1-0"]
[WhiteTitle "GM"]
[BlackTitle "IM"]
[WhiteElo "2543"]
[BlackElo "2409"]
[WhiteFideId "12510130"]
[BlackFideId "13401416"]
[EventDate "2016.09.18"]

1. d4 Nf6 2. Bg5 g6 3. Bxf6 exf6 4. g3 Bg7 5. Bg2 f5 6. e3 O-O 7. Ne2 d6 8. O-O
Nd7 9. c4 h5 10. Nbc3 h4 11. Nf4 hxg3 12. hxg3 Nf6 13. b4 Ng4 14. Bf3 Re8 15.
Qd3 c6 16. a4 a5 17. b5 Bd7 18. Rab1 Qg5 19. Kg2 Re7 20. bxc6 bxc6 21. Rb7 Be8
22. Nh3 Qf6 23. Rb6 Rc7 24. c5 dxc5 25. Nd5 cxd5 26. Rxf6 Nxf6 27. dxc5 Rxc5 28.
Nf4 Rac8 29. Qb3 Rc3 30. Qb6 R3c5 31. Qb3 Rc3 32. Qb6 R3c5 33. Rd1 Bxa4 34. Rxd5
Nxd5 35. Bxd5 Rxd5 36. Nxd5 Kh8 37. Ne7 Ra8 38. Qd6 Bb3 39. g4 f4 40. Qxf4 Bf8
41. Qe5+ Kh7 42. Nd5 Bxd5+ 43. Qxd5 Ra7 44. Qd4 Ra8 45. Qd7 Kg8 46. Qb7 Re8 47.
Kf3 Re5 48. Qa6 Rc5 49. Ke4 Kg7 50. f4 f5+ 51. Kf3 Kf7 52. Qb7+ Be7 53. Qb3+ Kf8
54. Qb8+ Kf7 55. Qb3+ Kf8 56. Qe6 fxg4+ 57. Kxg4 Rc1 58. Qa6 Ra1 59. Kf3 Kf7 60.
Qc4+ Kf8 61. Qc8+ Kf7 62. e4 a4 63. e5 Rf1+ 64. Kg3 Re1 65. Qc4+ Kf8 66. Qxa4
Rg1+ 67. Kf2 Rc1 68. Qa8+ Kg7 69. Qb7 Kf8 70. Qd7 Rc4 71. Kf3 Rc3+ 72. Kg4 Rc4
73. Qe6 Rc1 74. Kh3 Rc3+ 75. Kg2 Rc2+ 76. Kf3 Rc3+ 77. Ke4 Rg3 78. Qc8+ Kg7 79.
Qe8 Bc5 80. Kd5 Ba3 81. e6 Re3 82. Qf7+ Kh6 83. f5 Rg3 84. f6 1-0

[Event "Baku Open 2016"]
[Site "Baku AZE"]
[Date "2016.09.19"]
[Round "2.8"]
[White "Bajarani, Ulvi"]
[Black "Bashirli, Nail"]
[Result "1-0"]
[WhiteTitle "GM"]
[BlackTitle "FM"]
[WhiteElo "2509"]
[BlackElo "2387"]
[WhiteFideId "13403028"]
[BlackFideId "13406809"]
[EventDate "2016.09.18"]

1. d4 Nf6 2. c4 e6 3. Nc3 Bb4 4. e3 c5 5. Ne2 cxd4 6. exd4 O-O 7. a3 Be7 8. d5
exd5 9. cxd5 Re8 10. d6 Bf8 11. g3 Nc6 12. Bg2 b6 13. b4 Bb7 14. O-O a6 15. Bf4
Qb8 16. Bg5 Re6 17. Bxf6 Rxf6 18. Ne4 Rh6 19. N2c3 Bxd6 20. Nd5 Be5 21. Rc1 Qd8
22. f4 Bd4+ 23. Kh1 Bb2 24. Rb1 Bd4 25. Rb3 f5 26. Ng5 Rd6 27. Ne3 Bc5 28. Bd5+ 1-0

[Event "Baku Open 2016"]
[Site "Baku AZE"]
[Date "2016.09.19"]
[Round "2.9"]
[White "Abdulov, Orkhan"]
[Black "Rasulov, Vugar"]
[Result "1/2-1/2"]
[WhiteTitle "IM"]
[BlackTitle "GM"]
[WhiteElo "2372"]
[BlackElo "2487"]
[WhiteFideId "13402714"]
[BlackFideId "13402390"]
[EventDate "2016.09.18"]

1. e4 d5 2. exd5 Qxd5 3. Nc3 Qd6 4. d4 Nf6 5. Nf3 a6 6. Ne5 Nbd7 7. Nc4 Qe6+ 8.
Be2 Nb6 9. Ne5 Qd6 10. O-O e6 11. Bf4 Qd8 12. Qd3 Be7 13. Rad1 O-O 14. Qg3 Nbd5
15. Bh6 Ne8 16. Bc1 Nd6 17. Qh3 Nf5 18. Ne4 f6 19. Ng4 c6 20. Qb3 a5 21. a4 Qb6
22. Qxb6 Nxb6 23. b3 Rd8 24. Bb2 Nd5 25. Ng3 Nf4 26. Bc4 Nd6 27. Ne3 b5 28. Be2
bxa4 29. bxa4 Rb8 30. Ba3 Nxe2+ 31. Nxe2 Kf7 32. Nf4 g5 33. Nd3 Ne4 34. Bxe7
Kxe7 35. Nc4 Rd5 36. Rde1 Nd6 37. Nxd6 Rxd6 38. f4 g4 39. f5 Rxd4 40. fxe6 Ba6
41. Rf5 Bxd3 42. cxd3 Rd5 43. Rf4 Rb4 44. Rxf6 Kxf6 45. e7 Rb8 46. e8=Q Rxe8 47.
Rxe8 Rxd3 48. Re4 Rd1+ 49. Kf2 Rd2+ 50. Kg3 h5 51. Rc4 Kg5 52. Rc5+ Rd5 53. Rxc6
h4+ 54. Kf2 Rd2+ 55. Kf1 Kf4 56. Rc5 Ra2 57. Rxa5 Ra1+ 58. Kf2 1/2-1/2

[Event "Baku Open 2016"]
[Site "Baku AZE"]
[Date "2016.09.19"]
[Round "2.10"]
[White "Golubov, Saveliy"]
[Black "Fataliyeva, Ulviyya"]
[Result "1-0"]
[WhiteTitle "IM"]
[BlackTitle "WIM"]
[WhiteElo "2481"]
[BlackElo "2234"]
[WhiteFideId "24176729"]
[BlackFideId "13403052"]
[EventDate "2016.09.18"]

1. e4 e6 2. d4 d5 3. e5 c5 4. c3 Nc6 5. Nf3 Qb6 6. a3 c4 7. Nbd2 Na5 8. g3 Bd7
9. Bg2 Ne7 10. O-O h6 11. Rb1 O-O-O 12. Re1 Kb8 13. h4 g6 14. Nh2 Nf5 15. h5 Be7
16. hxg6 fxg6 17. Ng4 Rdf8 18. Nf6 Bxf6 19. exf6 Rxf6 20. b4 Nc6 21. b5 Nd8 22.
a4 Qa5 23. Qc2 g5 24. Ba3 h5 25. Bc5 g4 26. b6 Qxa4 27. bxa7+ Ka8 28. Qc1 Nc6
29. Ra1 Qb5 30. Qc2 Na5 31. Reb1 Nb3 32. Nxb3 cxb3 33. Rxb3 Qc6 34. c4 Bc8 35.
cxd5 exd5 36. Rb6 Nxd4 37. Qd3 Nf3+ 38. Bxf3 Rxf3 39. Qd4 Qe8 40. Qxd5 Rh7 41.
Qd6 Bf5 42. Bb4 Rd3 43. Qf4 Rf3 44. Qd6 Rd3 45. Qf4 Rf3 46. Qg5 Rg7 47. Qd2 Rd3
48. Qf4 Rf3 49. Qb8+ Qxb8 50. axb8=Q+ Kxb8 51. Bd6+ Kc8 52. Ra8+ Kd7 53. Rxb7+
Kxd6 54. Rxg7 Ke5 55. Rf8 Ke6 56. Rg5 Ke5 57. Rxh5 Ke6 58. Rg5 Ke5 59. Kg2 Ke6
60. Rxg4 1-0

[Event "Baku Open 2016"]
[Site "Baku AZE"]
[Date "2016.09.19"]
[Round "2.11"]
[White "Vokhidov, Shamsiddin"]
[Black "Bodnaruk, Anastasia"]
[Result "1/2-1/2"]
[WhiteTitle "IM"]
[BlackTitle "IM"]
[WhiteElo "2364"]
[BlackElo "2465"]
[WhiteFideId "14204223"]
[BlackFideId "4181751"]
[EventDate "2016.09.18"]

1. e4 d6 2. d4 g6 3. Nc3 Bg7 4. Be3 a6 5. f4 b5 6. Bd3 Nd7 7. e5 Bb7 8. Nf3 c5
9. Be4 Bxe4 10. Nxe4 Nh6 11. dxc5 dxe5 12. c6 Nf6 13. Qxd8+ Rxd8 14. Nxf6+ exf6
15. c7 Rc8 16. Bb6 Kd7 17. O-O-O+ Kc6 18. Ba5 Nf5 19. Rd8 Nd6 20. fxe5 fxe5 21.
Rd1 Nc4 22. Bc3 Rxc7 23. b3 Ne3 24. Bxe5 Rxd8 25. Rxd8 Bxe5 26. Nxe5+ Kb7 27.
Rd2 f5 28. g3 Re7 29. Nd3 a5 30. c3 Kc6 31. Re2 g5 32. Re1 Nd5 33. Rxe7 Nxe7 34.
c4 bxc4 35. bxc4 Kd6 36. Kd2 Nc6 37. h4 h6 38. hxg5 hxg5 39. Kc3 Ne5 40. c5+ Kd5
41. Nxe5 Kxe5 42. Kc4 f4 43. gxf4+ gxf4 44. c6 Kd6 45. Kd4 Kxc6 46. Ke4 Kc5 47.
Kxf4 Kb4 48. Ke3 Ka3 49. Kd2 Kxa2 50. Kc2 a4 51. Kc1 a3 52. Kc2 Ka1 53. Kc1 Ka2
54. Kc2 1/2-1/2

[Event "Baku Open 2016"]
[Site "Baku AZE"]
[Date "2016.09.19"]
[Round "2.12"]
[White "Bayramov, Elvin"]
[Black "Pourramezanali, Amirreza"]
[Result "1/2-1/2"]
[BlackTitle "IM"]
[WhiteElo "2263"]
[BlackElo "2532"]
[WhiteFideId "13406655"]
[BlackFideId "12511412"]
[EventDate "2016.09.18"]

1. e4 d6 2. Nf3 Nf6 3. Nc3 c5 4. Bb5+ Nbd7 5. e5 dxe5 6. Nxe5 a6 7. Nxd7 Nxd7 8.
Be2 Ne5 9. O-O e6 10. Re1 Nc6 11. Bf3 Nd4 12. Be4 f5 13. Bd3 Bd6 14. Ne2 Qh4 15.
Ng3 O-O 16. c3 Nc6 17. Be2 Bd7 18. d4 cxd4 19. cxd4 f4 20. Nf1 Rad8 21. Bf3 Qf6
22. d5 Nd4 23. Nd2 exd5 24. Bxd5+ Kh8 25. Ne4 Qe5 26. Nc3 Qf6 27. Ne4 Qe5 28.
Nc3 Bg4 29. f3 Nxf3+ 30. gxf3 Bc5+ 31. Kg2 Bxf3+ 32. Bxf3 Qg5+ 33. Kh1 Rxd1 34.
Rxd1 Qh4 35. Ne4 Qh3 36. Ng5 Qf5 37. Rd5 Qc2 38. Bd2 Qxb2 39. Re1 Be3 40. Re2
Qa1+ 41. Re1 Qb2 42. Re2 Qa1+ 43. Re1 Qb2 1/2-1/2

[Event "Baku Open 2016"]
[Site "Baku AZE"]
[Date "2016.09.19"]
[Round "2.13"]
[White "Amin, Bassem"]
[Black "Naghdiyev, Niyazi"]
[Result "1-0"]
[WhiteTitle "GM"]
[BlackTitle "FM"]
[WhiteElo "2661"]
[BlackElo "2366"]
[WhiteFideId "10601457"]
[BlackFideId "13405519"]
[EventDate "2016.09.18"]

1. e4 c6 2. d3 d5 3. Nd2 e5 4. Ngf3 Bd6 5. g3 Nf6 6. Bg2 O-O 7. O-O Bg4 8. h3
Bh5 9. Qe1 Re8 10. Nh4 dxe4 11. dxe4 Nbd7 12. Nc4 Bf8 13. a4 Nc5 14. Nf5 Qc7 15.
b3 Nfd7 16. Be3 f6 17. Qc3 Kh8 18. g4 Bf7 19. Rfd1 Bxc4 20. Qxc4 Ne6 21. a5 g6
22. Ng3 c5 23. Ne2 Rac8 24. Nc3 Nd4 25. Nd5 Qc6 26. c3 Ne6 27. Bf1 a6 28. Rd2
Nc7 29. Nxc7 Qxc7 30. Qf7 Re7 31. Qd5 Nb8 32. Bc4 Rg7 33. Bh6 1-0

[Event "Baku Open 2016"]
[Site "Baku AZE"]
[Date "2016.09.19"]
[Round "2.14"]
[White "Kazimova, Narmin"]
[Black "Pirverdiyev, Agil"]
[Result "1-0"]
[WhiteTitle "WGM"]
[WhiteElo "2302"]
[BlackElo "2343"]
[WhiteFideId "13402951"]
[BlackFideId "13400568"]
[EventDate "2016.09.18"]

1. Nf3 c5 2. c4 Nc6 3. Nc3 Nf6 4. d4 cxd4 5. Nxd4 g6 6. e4 d6 7. Be2 Bg7 8. Be3
O-O 9. O-O Bd7 10. f3 Nxd4 11. Bxd4 Bc6 12. b3 Nd7 13. Bxg7 Kxg7 14. Qd4+ Kg8
15. Rae1 a5 16. f4 Qb6 17. Qxb6 Nxb6 18. Nd5 Bxd5 19. exd5 Rfc8 20. Bd3 Rc7 21.
Re3 a4 22. Rfe1 axb3 23. axb3 Kf8 24. f5 Ra3 25. Bb1 Nc8 26. Rf3 Kg7 27. fxg6
hxg6 28. Ref1 f5 29. h4 b5 30. h5 bxc4 31. Rg3 c3 32. Rxg6+ Kh8 33. Rh6+ Kg7 34.
Rg6+ Kh8 35. Bxf5 c2 36. Rh6+ Kg7 37. Rg6+ Kh8 38. Bxc2 Rxc2 39. Rf8+ Kh7 40.
Rf7+ Kh8 41. h6 Raa2 42. Rgg7 1-0

[Event "Baku Open 2016"]
[Site "Baku AZE"]
[Date "2016.09.19"]
[Round "2.15"]
[White "Zherebtsova, Alexandra"]
[Black "Mammadov, Zaur"]
[Result "0-1"]
[WhiteTitle "WFM"]
[BlackTitle "GM"]
[WhiteElo "2159"]
[BlackElo "2437"]
[WhiteFideId "24129518"]
[BlackFideId "13401033"]
[EventDate "2016.09.18"]

1. d4 d5 2. c4 dxc4 3. Nc3 c6 4. a4 Nf6 5. Nf3 e6 6. e3 c5 7. Bxc4 Nc6 8. O-O
cxd4 9. exd4 Be7 10. Qe2 O-O 11. Rd1 Nb4 12. Bg5 Bd7 13. Ne5 Bc6 14. Nxc6 bxc6
15. a5 Nbd5 16. Rd3 Qc7 17. a6 Rab8 18. Rg3 Rfd8 19. Bh6 g6 20. Rd1 Rb4 21. Na2
Rb6 22. h4 Bd6 23. Rb3 Rxb3 24. Bxb3 Rb8 25. Bc4 Bh2+ 26. Kh1 Bf4 27. Bg5 Bxg5
28. hxg5 Nh5 29. b3 Rd8 30. Qe5 Qa5 31. Nc1 Qa1 32. Qe1 Nc3 33. Rd2 Ne4 34. Ra2
Qxd4 35. Ne2 Nxf2+ 36. Kg1 Qe3 0-1

[Event "Baku Open 2016"]
[Site "Baku AZE"]
[Date "2016.09.19"]
[Round "2.16"]
[White "Sindarov, Javokhir"]
[Black "Karayev, Kanan"]
[Result "1-0"]
[WhiteTitle "CM"]
[BlackTitle "CM"]
[WhiteElo "2415"]
[BlackElo "2266"]
[WhiteFideId "14205483"]
[BlackFideId "13406671"]
[EventDate "2016.09.18"]

1. e4 e6 2. Qe2 c5 3. Nf3 Nc6 4. g3 g6 5. Bg2 Bg7 6. c3 Nge7 7. O-O e5 8. Na3
O-O 9. Nc4 d6 10. d3 f5 11. Rd1 h6 12. Ne3 Be6 13. Nh4 f4 14. Nd5 g5 15. Nxe7+
Nxe7 16. Nf5 Nxf5 17. exf5 Bxf5 18. Bxb7 d5 19. c4 Be6 20. Bd2 Rb8 21. Bxd5 Bxd5
22. cxd5 f3 23. Qe4 Qd7 24. Kh1 Rxb2 25. g4 h5 26. Rab1 Rxa2 27. d6 Kh8 28. Bxg5
Qxd6 29. gxh5 Re2 30. Be3 Rf4 31. Qb7 Rh4 32. Rg1 Qf6 33. Qc8+ Kh7 34. Rxg7+
Kxg7 35. Rb7+ 1-0